[Event "2. Open Patrimonio de la Humanidad"]
[Site "Alcalá de Henares ESP"]
[Date "2007.10.10"]
[Round "4.26"]
[White "Barez Menendez, Hector"]
[Black "Ortega Morales, Pedro"]
[Result "1-0"]
[WhiteElo "2169"]
[BlackElo "1944"]
[PlyCount "67"]
[EventDate "2007.10.07"]
[EventType "swiss"]
[EventRounds "9"]
[EventCountry "ESP"]
[Source "lmi"]
[SourceDate "2007.10.07"]

1. Nf3 d5 2. d4 e6 3. c4 c6 4. cxd5 exd5 5. Nc3 Nf6 6. Bg5 Be7 7. Qc2 h6 8. Bh4
Nbd7 9. e3 Nh5 10. Bxe7 Qxe7 11. O-O-O Nhf6 12. Bd3 Nb6 13. h3 Be6 14. Kb1
O-O-O 15. Ne5 Kb8 16. Ne2 Nfd7 17. f4 Rhe8 18. Rhf1 Nxe5 19. fxe5 Rf8 20. Nf4
Nd7 21. Bf5 Bxf5 22. Qxf5 Rde8 23. Rf3 Rg8 24. Qc2 f6 25. Ng6 Qd8 26. exf6 Nxf6
27. Ne5 Qe7 28. Rd3 Qc7 29. Ra3 Rgf8 30. Qc5 Qb6 31. Nxc6+ Qxc6 32. Qxa7+ Kc8
33. Rc3 Qxc3 34. bxc3 1-0

[Event "2. Open Patrimonio de la Humanidad"]
[Site "Alcalá de Henares ESP"]
[Date "2007.10.10"]
[Round "4.27"]
[White "Lopez-andujar Ocaña, Antonio"]
[Black "Rodriguez Diaz, Alberto Jose"]
[Result "1-0"]
[WhiteElo "2162"]
[BlackElo "1938"]
[PlyCount "67"]
[EventDate "2007.10.07"]
[EventType "swiss"]
[EventRounds "9"]
[EventCountry "ESP"]
[Source "lmi"]
[SourceDate "2007.10.07"]

1. e4 e5 2. f4 exf4 3. Nf3 d6 4. b3 Be7 5. Bc4 Be6 6. O-O Nd7 7. d4 g5 8. Bxe6
fxe6 9. Nxg5 Bxg5 10. Qh5+ Kf8 11. Bxf4 Bxf4 12. Rxf4+ Ndf6 13. Nc3 Ke7 14. Qg5
Qf8 15. Raf1 h6 16. Qh4 Kd7 17. e5 dxe5 18. dxe5 Qc5+ 19. Rd4+ Nd5 20. Nxd5
exd5 21. b4 Qe7 22. Rxd5+ Kc8 23. Qg4+ Kb8 24. Qg7 b6 25. Qxh8 Kb7 26. e6 Qxe6
27. Qe5 Qc6 28. b5 Qxc2 29. Kh1 Rf8 30. Rdd1 Qd3 31. Rfe1 Qf5 32. Qxf5 Rxf5 33.
a4 Nf6 34. Rf1 1-0

[Event "2. Open Patrimonio de la Humanidad"]
[Site "Alcalá de Henares ESP"]
[Date "2007.10.10"]
[Round "4.28"]
[White "Valbuena Mota, Alejandro"]
[Black "Sanchez Rodriguez, Jaime"]
[Result "1-0"]
[WhiteElo "2129"]
[BlackElo "1933"]
[PlyCount "89"]
[EventDate "2007.10.07"]
[EventType "swiss"]
[EventRounds "9"]
[EventCountry "ESP"]
[Source "lmi"]
[SourceDate "2007.10.07"]

1. d4 d5 2. c4 e6 3. Nf3 f5 4. g3 Nf6 5. Bg2 c6 6. O-O Bd6 7. Bf4 O-O 8. Qc2
Bxf4 9. gxf4 Ne4 10. Ne5 Nd7 11. f3 Nxe5 12. fxe5 Ng5 13. e3 Bd7 14. Nc3 Be8
15. Ne2 Qe7 16. Rab1 Nf7 17. b4 Nh6 18. cxd5 exd5 19. Qb3 a6 20. a4 g5 21. Nc3
Bf7 22. Ra1 f4 23. Bh3 fxe3 24. Ne2 g4 25. fxg4 Qg5 26. Rf3 Kh8 27. Qxe3 Qxe3+
28. Rxe3 Be6 29. Rg3 Rg8 30. g5 Bxh3 31. gxh6 Rxg3+ 32. hxg3 Rg8 33. Kf2 Bf5
34. Nf4 Re8 35. a5 Kg8 36. Rh1 Kf7 37. Rh5 Bg6 38. Rg5 Rg8 39. g4 Be4 40. Rxg8
Kxg8 41. Ne6 Bc2 42. Nd8 Bd1 43. Kg3 Kf8 44. Nxb7 Ke7 45. Kf4 1-0

[Event "2. Open Patrimonio de la Humanidad"]
[Site "Alcalá de Henares ESP"]
[Date "2007.10.10"]
[Round "4.29"]
[White "Suarez Prieto, Leopoldo"]
[Black "Caravaca Aguirre, Antonio"]
[Result "0-1"]
[WhiteElo "1872"]
[BlackElo "2102"]
[PlyCount "66"]
[EventDate "2007.10.07"]
[EventType "swiss"]
[EventRounds "9"]
[EventCountry "ESP"]
[Source "lmi"]
[SourceDate "2007.10.07"]

1. e4 c5 2. Nf3 Nc6 3. c3 d5 4. exd5 Qxd5 5. d3 e5 6. Be2 Bf5 7. c4 Qd7 8. Nc3
Nf6 9. h3 O-O-O 10. Be3 Bxd3 11. O-O Bxe2 12. Qxe2 Bd6 13. Rfd1 Nd4 14. Bxd4
exd4 15. Nb5 a6 16. a4 axb5 17. axb5 Rhe8 18. Qd3 Bb8 19. b6 Qd6 20. Qf5+ Rd7
21. Ra5 Ne4 22. b4 Qxb6 23. Rb5 Qg6 24. Qxg6 hxg6 25. bxc5 Nc3 26. Rd3 Nxb5 27.
cxb5 Rd5 28. c6 Rxb5 29. cxb7+ Kxb7 30. g3 Ba7 31. Nxd4 Rd8 32. Rf3 Bxd4 33.
Rxf7+ Kc6 0-1

[Event "2. Open Patrimonio de la Humanidad"]
[Site "Alcalá de Henares ESP"]
[Date "2007.10.10"]
[Round "4.30"]
[White "Gomez Gonzalez, Javier"]
[Black "Manzanares Campillo, Andres"]
[Result "1/2-1/2"]
[WhiteElo "2085"]
[BlackElo "1926"]
[PlyCount "34"]
[EventDate "2007.10.07"]
[EventType "swiss"]
[EventRounds "9"]
[EventCountry "ESP"]
[Source "lmi"]
[SourceDate "2007.10.07"]

1. e4 c5 2. Nf3 e6 3. Nc3 a6 4. d4 cxd4 5. Nxd4 Qc7 6. Bd3 Nf6 7. O-O Nc6 8.
Nxc6 dxc6 9. f4 e5 10. Kh1 Bd6 11. f5 b5 12. Ne2 Bb7 13. Bg5 Be7 14. Ng3 c5 15.
c4 Rd8 16. Qe2 b4 17. Bxf6 Bxf6 1/2-1/2

[Event "2. Open Patrimonio de la Humanidad"]
[Site "Alcalá de Henares ESP"]
[Date "2007.10.10"]
[Round "4.31"]
[White "Adan Bermudez, Sergio"]
[Black "Cobelas Rodriguez, Pilar"]
[Result "1-0"]
[WhiteElo "2054"]
[BlackElo "1922"]
[PlyCount "55"]
[EventDate "2007.10.07"]
[EventType "swiss"]
[EventRounds "9"]
[EventCountry "ESP"]
[Source "lmi"]
[SourceDate "2007.10.07"]

1. c4 e5 2. g3 Nf6 3. Bg2 c6 4. d4 exd4 5. Qxd4 Na6 6. Nc3 Be7 7. Nf3 O-O 8.
O-O d5 9. cxd5 Nxd5 10. Nxd5 Qxd5 11. Qxd5 cxd5 12. Rd1 Be6 13. Nd4 Rad8 14.
Be3 Nb4 15. a3 Nc6 16. Nxc6 bxc6 17. Bxa7 Bf6 18. Bd4 Be7 19. Rac1 Rc8 20. Bc5
Rfe8 21. Bxe7 Rxe7 22. e3 Rb7 23. b4 g6 24. e4 Ra7 25. exd5 cxd5 26. Rxc8+ Bxc8
27. Rxd5 Rc7 28. Rc5 1-0

[Event "2. Open Patrimonio de la Humanidad"]
[Site "Alcalá de Henares ESP"]
[Date "2007.10.10"]
[Round "4.32"]
[White "Vazquez Gonzalez, Jesus"]
[Black "Collado Barbas, Alberto"]
[Result "1-0"]
[WhiteElo "2049"]
[BlackElo "1886"]
[PlyCount "43"]
[EventDate "2007.10.07"]
[EventType "swiss"]
[EventRounds "9"]
[EventCountry "ESP"]
[Source "lmi"]
[SourceDate "2007.10.07"]

1. e4 e6 2. d3 d5 3. Nd2 Nf6 4. g3 dxe4 5. dxe4 e5 6. Bg2 Nc6 7. Ngf3 Bg4 8.
O-O Qd7 9. c3 O-O-O 10. Qa4 Kb8 11. b4 Bxf3 12. Bxf3 a6 13. Qb3 Qd3 14. a4 Na7
15. Re1 c6 16. Be2 Qd7 17. Nf3 Nxe4 18. Nxe5 Qf5 19. Qxf7 Nf6 20. Bg4 Qc2 21.
Bf4 Ka8 22. Nc4 1-0

[Event "2. Open Patrimonio de la Humanidad"]
[Site "Alcalá de Henares ESP"]
[Date "2007.10.10"]
[Round "4.33"]
[White "Calderon Martin, Antonio"]
[Black "Muñoz Sanchez, Daniel"]
[Result "0-1"]
[WhiteElo "1861"]
[BlackElo "2046"]
[PlyCount "88"]
[EventDate "2007.10.07"]
[EventType "swiss"]
[EventRounds "9"]
[EventCountry "ESP"]
[Source "lmi"]
[SourceDate "2007.10.07"]

1. e4 Nf6 2. e5 Nd5 3. d4 d6 4. Nf3 Bg4 5. Bc4 e6 6. O-O Nc6 7. Re1 dxe5 8.
dxe5 Ncb4 9. Bd3 Qd7 10. a3 Nxd3 11. cxd3 O-O-O 12. Bg5 Be7 13. Bxe7 Nxe7 14.
d4 Nc6 15. Nbd2 Nxd4 16. Qc1 Bxf3 17. gxf3 Qc6 18. Qxc6 Nxc6 19. Ne4 Nd4 20.
Kg2 Nc2 21. Ng5 Nxe1+ 22. Rxe1 Rd7 23. Rc1 b6 24. Ne4 Kb7 25. a4 h6 26. b4 Rd5
27. f4 Rd4 28. f3 Rxb4 29. a5 Ra4 30. axb6 axb6 31. Rb1 Rc4 32. Kg3 Rd8 33. Rb2
Rdd4 34. Nf2 Rxf4 35. Nd3 Rfd4 36. Rb3 c5 37. h3 Kc6 38. Ra3 Ra4 39. Rc3 Rdc4
40. Rb3 b5 41. Rb1 Rd4 42. Rd1 Ra3 43. Nb4+ Rxb4 44. Rd6+ Kc7 0-1

[Event "2. Open Patrimonio de la Humanidad"]
[Site "Alcalá de Henares ESP"]
[Date "2007.10.10"]
[Round "4.34"]
[White "Camarero Izquierdo, Juan Carlos"]
[Black "Rodriguez Bachiller, Luis"]
[Result "1-0"]
[WhiteElo "2008"]
[BlackElo "1871"]
[PlyCount "101"]
[EventDate "2007.10.07"]
[EventType "swiss"]
[EventRounds "9"]
[EventCountry "ESP"]
[Source "lmi"]
[SourceDate "2007.10.07"]

1. e4 c5 2. Nf3 e6 3. d4 cxd4 4. Nxd4 Nf6 5. Bd3 Nc6 6. Nxc6 dxc6 7. O-O e5 8.
Kh1 Be7 9. f4 exf4 10. Bxf4 O-O 11. Nd2 Bg4 12. Qe1 Nh5 13. Be3 Bh4 14. Bf2
Bxf2 15. Qxf2 Qf6 16. Qe3 Qe7 17. Rae1 Be6 18. e5 g6 19. Ne4 Bd5 20. Nf2 Be6
21. c4 Rfe8 22. Ne4 Qf8 23. Be2 Bf5 24. Bxh5 Bxe4 25. Qxe4 gxh5 26. Rf5 Qh6 27.
Qh4 Re6 28. Rxh5 Qg7 29. Rg5 Rg6 30. Rxg6 hxg6 31. Qe7 Rb8 32. h3 Qf8 33. Qg5
Qb4 34. Qc1 Rd8 35. e6 fxe6 36. Rxe6 Kf7 37. Re2 Qd6 38. Re1 Qd2 39. Qb1 Rd6
40. b4 Rd4 41. Rf1+ Kg7 42. Rc1 Qf2 43. Qa1 Kh6 44. Rf1 Qd2 45. Rf7 Rxc4 46.
Qg7+ Kg5 47. Qe5+ Kh6 48. Rf8 Rc1+ 49. Kh2 g5 50. Qf6+ Kh5 51. Rh8# 1-0

[Event "2. Open Patrimonio de la Humanidad"]
[Site "Alcalá de Henares ESP"]
[Date "2007.10.10"]
[Round "4.35"]
[White "Perez Cameselle, Francisco"]
[Black "Cerrato Torrijos, Maria"]
[Result "0-1"]
[WhiteElo "1997"]
[BlackElo "1829"]
[PlyCount "82"]
[EventDate "2007.10.07"]
[EventType "swiss"]
[EventRounds "9"]
[EventCountry "ESP"]
[Source "lmi"]
[SourceDate "2007.10.07"]

1. Nf3 Nf6 2. g3 g6 3. Bg2 Bg7 4. d3 O-O 5. O-O d5 6. Nbd2 c5 7. e4 Nc6 8. Qe2
e5 9. c3 d4 10. Nc4 Qc7 11. a4 Be6 12. Nfd2 Na5 13. Nxa5 Qxa5 14. c4 a6 15. Ra3
Rab8 16. f4 exf4 17. gxf4 Bg4 18. Qf2 Qc7 19. a5 Nd7 20. h3 Bh5 21. e5 h6 22.
Ne4 g5 23. fxg5 hxg5 24. Bxg5 Bxe5 25. Qh4 Bg6 26. Nf6+ Nxf6 27. Bxf6 Bxf6 28.
Rxf6 b6 29. Bd5 Kg7 30. Rc6 Qe5 31. axb6 Qe3+ 32. Kg2 Qd2+ 33. Qf2 Qg5+ 34. Kh2
Rh8 35. Bg2 Qe5+ 36. Kh1 Rh5 37. Rxa6 Bxd3 38. Ra7 Bxc4 39. Rcc7 Rf5 40. Qh4
Rxb6 41. Be4 Rf1+ 0-1

[Event "2. Open Patrimonio de la Humanidad"]
[Site "Alcalá de Henares ESP"]
[Date "2007.10.10"]
[Round "4.36"]
[White "Garcia Roman, Jose Luis Machado"]
[Black "Rasskin Friederichs, Ivan"]
[Result "1-0"]
[WhiteElo "1991"]
[BlackElo "1781"]
[PlyCount "109"]
[EventDate "2007.10.07"]
[EventType "swiss"]
[EventRounds "9"]
[EventCountry "ESP"]
[Source "lmi"]
[SourceDate "2007.10.07"]

1. d4 Nf6 2. Nf3 g6 3. c4 Bg7 4. Nc3 O-O 5. e4 d6 6. Bd3 e5 7. d5 a5 8. h3 Na6
9. g4 Nc5 10. Bc2 b6 11. Qe2 Ne8 12. Bg5 Bf6 13. Bh6 Bg7 14. Be3 f5 15. gxf5
gxf5 16. O-O-O fxe4 17. Nxe4 Nxe4 18. Bxe4 Nf6 19. Bc2 Qe8 20. Rdg1 Nh5 21. Bh6
Kh8 22. Bxg7+ Nxg7 23. Ng5 Nf5 24. Qe4 Qh5 25. f4 Nd4 26. fxe5 Ne2+ 27. Kb1 Bf5
28. Qe3 Bxc2+ 29. Kxc2 Nxg1 30. Rxg1 Qg6+ 31. Kc1 dxe5 32. Qxe5+ Qf6 33. Qxc7
Qf4+ 34. Qxf4 Rxf4 35. Rg4 Rxg4 36. hxg4 h6 37. Nf7+ Kh7 38. Kd2 Re8 39. d6 Re4
40. Kd3 Re1 41. Kc2 Re2+ 42. Kc3 Re3+ 43. Kd4 Re1 44. Ne5 Rd1+ 45. Nd3 Rf1 46.
d7 Rf8 47. Kd5 Kg7 48. Ne5 Kf6 49. Kd6 a4 50. b4 axb3 51. axb3 Rg8 52. b4 Rd8
53. c5 bxc5 54. bxc5 Kg5 55. Nf7+ 1-0

[Event "2. Open Patrimonio de la Humanidad"]
[Site "Alcalá de Henares ESP"]
[Date "2007.10.10"]
[Round "4.37"]
[White "Avendaño Mateos, Jose"]
[Black "Garcia Carbonell, Francisco"]
[Result "1/2-1/2"]
[WhiteElo "1982"]
[BlackElo "1781"]
[PlyCount "63"]
[EventDate "2007.10.07"]
[EventType "swiss"]
[EventRounds "9"]
[EventCountry "ESP"]
[Source "lmi"]
[SourceDate "2007.10.07"]

1. d4 d5 2. Nf3 Nf6 3. c4 dxc4 4. Nc3 a6 5. a4 e6 6. e3 c5 7. Bxc4 Nc6 8. O-O
cxd4 9. exd4 Be7 10. Be3 Nb4 11. Qe2 Nbd5 12. Rfd1 O-O 13. Ne5 Bd7 14. Qf3 Nxc3
15. bxc3 Rc8 16. Bd2 Bc6 17. Nxc6 Rxc6 18. Bd3 Qa5 19. Re1 Rfc8 20. Re5 Nd5 21.
Be4 Rxc3 22. Bxc3 Rxc3 23. Qe2 Bf6 24. Rh5 g6 25. Qg4 Qxa4 26. Re1 Bxd4 27. Rh4
Bxf2+ 28. Kxf2 Qd4+ 29. Kf1 Nf6 30. Qf4 Qc4+ 31. Kf2 Qd4+ 32. Kf1 1/2-1/2

[Event "2. Open Patrimonio de la Humanidad"]
[Site "Alcalá de Henares ESP"]
[Date "2007.10.10"]
[Round "4.38"]
[White "Sanchez Millan, Eduardo"]
[Black "Rodriguez Yague, Fermin"]
[Result "0-1"]
[WhiteElo "1976"]
[BlackElo "1778"]
[PlyCount "88"]
[EventDate "2007.10.07"]
[EventType "swiss"]
[EventRounds "9"]
[EventCountry "ESP"]
[Source "lmi"]
[SourceDate "2007.10.07"]

1. Nf3 c5 2. d4 cxd4 3. c3 dxc3 4. Nxc3 e6 5. e4 a6 6. Bd3 Nc6 7. O-O Be7 8. e5
d5 9. exd6 Bxd6 10. Qe2 Nf6 11. Bg5 Nb4 12. Bb1 h6 13. Bh4 g5 14. Bg3 Bxg3 15.
fxg3 Qb6+ 16. Kh1 Nfd5 17. Ne5 Qe3 18. Qh5 Qxe5 19. Qxf7+ Kd8 20. Bg6 Bd7 21.
Ne4 Kc7 22. Rac1+ Nc6 23. Nc5 Qd6 24. Rfe1 Rae8 25. Qf2 Rhf8 26. Qg1 Re7 27.
Red1 Qe5 28. Re1 Qf6 29. Be4 Ref7 30. Bf3 g4 31. Ne4 Qxb2 32. Re2 Qb6 33. Nc5
gxf3 34. gxf3 Rxf3 35. Rce1 Nc3 36. Rxe6 Qb2 37. Rxh6 Ne2 38. Rb1 Qxb1 39. Qxb1
Rf1+ 40. Qxf1 Rxf1+ 41. Kg2 Rf5 42. Ne4 Ra5 43. h4 Rxa2 44. Kf3 Ne5+ 0-1

[Event "2. Open Patrimonio de la Humanidad"]
[Site "Alcalá de Henares ESP"]
[Date "2007.10.10"]
[Round "4.41"]
[White "Toranzo Fernandez, Dionisio"]
[Black "Valencia De Loma, Sergio"]
[Result "1-0"]
[WhiteElo "2009"]
[BlackElo "1713"]
[PlyCount "75"]
[EventDate "2007.10.07"]
[EventType "swiss"]
[EventRounds "9"]
[EventCountry "ESP"]
[Source "lmi"]
[SourceDate "2007.10.07"]

1. Nf3 d5 2. d4 Nf6 3. c4 g6 4. g3 Bg7 5. Bg2 O-O 6. O-O dxc4 7. Na3 Bg4 8. Ne5
Bc8 9. Naxc4 Nbd7 10. b3 c5 11. Bb2 Rb8 12. d5 b5 13. Nc6 Qc7 14. Nxe7+ Kh8 15.
d6 Qd8 16. Nc6 Qe8 17. Nxb8 Nxb8 18. Ne3 Bd7 19. Rc1 Qc8 20. Nd5 Nxd5 21. Bxg7+
Kxg7 22. Qxd5 c4 23. bxc4 Be6 24. Qd4+ Kg8 25. cxb5 Qd7 26. a4 Rd8 27. Rc7 Qxd6
28. Qxd6 Rxd6 29. Rxa7 Kg7 30. Rc1 g5 31. h3 h5 32. Bf3 g4 33. hxg4 hxg4 34.
Bg2 Rd2 35. e3 Nd7 36. Rxd7 Bxd7 37. Bc6 Bxc6 38. Rxc6 1-0

[Event "2. Open Patrimonio de la Humanidad"]
[Site "Alcalá de Henares ESP"]
[Date "2007.10.10"]
[Round "4.43"]
[White "Collado Barbas, Laura"]
[Black "Benito Mellado, Humberto"]
[Result "1-0"]
[WhiteElo "1940"]
[BlackElo "1635"]
[PlyCount "89"]
[EventDate "2007.10.07"]
[EventType "swiss"]
[EventRounds "9"]
[EventCountry "ESP"]
[Source "lmi"]
[SourceDate "2007.10.07"]

1. d4 d5 2. c4 c6 3. Nf3 Nf6 4. e3 Bf5 5. Qb3 Qb6 6. Nc3 Qxb3 7. axb3 e6 8. c5
Be7 9. b4 O-O 10. b5 Nbd7 11. Be2 Bc2 12. O-O Ne4 13. Nxe4 dxe4 14. Ne1 Bb3 15.
bxc6 bxc6 16. Ra3 Bd5 17. b4 Rfb8 18. Nc2 e5 19. Bd2 Bf6 20. Rb1 g6 21. Bc3 Bg7
22. Rba1 exd4 23. exd4 Rb7 24. Ne3 Nf6 25. Ra5 Be6 26. b5 cxb5 27. Rxb5 Rxb5
28. Bxb5 Rb8 29. Ba4 Nd5 30. Nxd5 Bxd5 31. Bc2 Ra8 32. Kf1 f5 33. Ra4 Kf7 34.
Ke1 h5 35. Rb4 Ke6 36. Ba4 Bh6 37. Ke2 h4 38. Bb5 Bf4 39. g3 Bc7 40. Ra4 hxg3
41. hxg3 a5 42. Ra1 g5 43. Rh1 f4 44. Rh6+ Kf5 45. Bd7+ 1-0

[Event "2. Open Patrimonio de la Humanidad"]
[Site "Alcalá de Henares ESP"]
[Date "2007.10.10"]
[Round "4.44"]
[White "Sanz Esteban, Eduardo"]
[Black "Garcia-Sanchez Navarro, Mariano"]
[Result "1-0"]
[WhiteElo "1939"]
[BlackElo "1577"]
[PlyCount "63"]
[EventDate "2007.10.07"]
[EventType "swiss"]
[EventRounds "9"]
[EventCountry "ESP"]
[Source "lmi"]
[SourceDate "2007.10.07"]

1. e4 e6 2. d3 d6 3. g3 b6 4. Bg2 Bb7 5. Nc3 Nf6 6. f4 Be7 7. Nf3 Nc6 8. h3 Nh5
9. Kf2 Nf6 10. Be3 Rb8 11. g4 a6 12. g5 Nh5 13. Nd2 g6 14. h4 Na7 15. Bf3 Ng7
16. h5 gxh5 17. Bxh5 d5 18. Bd4 Bc5 19. Bxc5 bxc5 20. Qf3 dxe4 21. Ndxe4 Nf5
22. Rae1 Nd4 23. Bxf7+ Ke7 24. Qg4 Kxf7 25. Rxh7+ Rxh7 26. g6+ Ke7 27. gxh7 Qh8
28. Qg5+ Kd7 29. Nxc5+ Kc6 30. Nxe6 Kd7 31. Nc5+ Kd6 32. Nxb7+ 1-0

[Event "2. Open Patrimonio de la Humanidad"]
[Site "Alcalá de Henares ESP"]
[Date "2007.10.11"]
[Round "5.1"]
[White "Kovalyov, Anton"]
[Black "Korneev, Oleg"]
[Result "1/2-1/2"]
[WhiteElo "2510"]
[BlackElo "2587"]
[PlyCount "67"]
[EventDate "2007.10.07"]
[EventType "swiss"]
[EventRounds "9"]
[EventCountry "ESP"]
[Source "lmi"]
[SourceDate "2007.10.07"]

1. c4 e5 2. Nc3 Nf6 3. Nf3 Nc6 4. a3 d5 5. cxd5 Nxd5 6. Qc2 Be7 7. e3 O-O 8.
Nxd5 Qxd5 9. Bd3 Kh8 10. Bc4 Qd6 11. b4 Bf6 12. Rb1 Ne7 13. d3 Bf5 14. Nd2 b5
15. Bxb5 Qd5 16. e4 Qxb5 17. exf5 Nxf5 18. Nf3 Rad8 19. Rb3 Nd4 20. Nxd4 exd4
21. O-O Be5 22. Bd2 Rfe8 23. Qc4 Qxc4 24. dxc4 d3 25. Be3 f5 26. g3 f4 27. gxf4
d2 28. Rd1 Bxf4 29. Kf1 Re4 30. Ke2 Bxe3 31. Rxe3 Rxc4 32. Rxd2 Rf8 33. Rf3 Kg8
34. Rxf8+ 1/2-1/2

[Event "2. Open Patrimonio de la Humanidad"]
[Site "Alcalá de Henares ESP"]
[Date "2007.10.11"]
[Round "5.2"]
[White "Guliyev, Namig"]
[Black "Rizouk, Aimen"]
[Result "1/2-1/2"]
[WhiteElo "2560"]
[BlackElo "2470"]
[PlyCount "93"]
[EventDate "2007.10.07"]
[EventType "swiss"]
[EventRounds "9"]
[EventCountry "ESP"]
[Source "lmi"]
[SourceDate "2007.10.07"]

1. e4 e5 2. Nf3 Nf6 3. d4 Nxe4 4. Bd3 Nc6 5. Bxe4 d5 6. Nxe5 Nxe5 7. dxe5 dxe4
8. Qxd8+ Kxd8 9. Nc3 Bb4 10. Bg5+ Ke8 11. O-O-O Bg4 12. Rd4 Bxc3 13. bxc3 h6
14. Rxe4 Bh3 15. gxh3 hxg5 16. Rg4 Rxh3 17. Rxg5 Kf8 18. Rg3 Rh4 19. Rhg1 Re8
20. Rxg7 Rxe5 21. Rg8+ Ke7 22. Rc8 Kd7 23. Rf8 Rf5 24. Rg2 Rhf4 25. Rh8 Rxf2
26. Rxf2 Rxf2 27. h4 b6 28. h5 Rh2 29. h6 a5 30. c4 Ke7 31. Kb2 Rh3 32. a4 f5
33. h7 Kf7 34. c5 bxc5 35. Rc8 Rxh7 36. Rxc7+ Kg6 37. Rxc5 Ra7 38. Kc3 Kg5 39.
Kd3 Kg4 40. c4 f4 41. Rc8 f3 42. Rg8+ Kf4 43. Rf8+ Kg3 44. Rg8+ Kf4 45. Rf8+
Kg3 46. Rg8+ Kf4 47. Rf8+ 1/2-1/2

[Event "2. Open Patrimonio de la Humanidad"]
[Site "Alcalá de Henares ESP"]
[Date "2007.10.11"]
[Round "5.3"]
[White "Roa Alonso, Santiago"]
[Black "Suba, Mihai"]
[Result "1-0"]
[WhiteElo "2451"]
[BlackElo "2502"]
[PlyCount "56"]
[EventDate "2007.10.07"]
[EventType "swiss"]
[EventRounds "9"]
[EventCountry "ESP"]
[Source "lmi"]
[SourceDate "2007.10.07"]

1. e4 c5 2. Nf3 d6 3. d4 Nf6 4. Nc3 cxd4 5. Nxd4 e6 6. Be2 a6 7. O-O Qc7 8. f4
Be7 9. Be3 O-O 10. Kh1 b5 11. a3 Bb7 12. Bf3 Nc6 13. Qe1 Rfe8 14. Qg3 Bf8 15.
e5 dxe5 16. fxe5 Nxd4 17. Bxd4 Bxf3 18. Rxf3 Rad8 19. Qh4 Nd7 20. Ne4 Nxe5 21.
Rh3 f5 22. Qxh7+ Kf7 23. Ng5+ Kf6 24. Rh6+ gxh6 25. Ne4+ fxe4 26. Rf1+ Kg5 27.
Be3+ Kh5 28. h3 Nf7 1-0

[Event "2. Open Patrimonio de la Humanidad"]
[Site "Alcalá de Henares ESP"]
[Date "2007.10.11"]
[Round "5.4"]
[White "Iturrizaga, Eduardo"]
[Black "Krivoshey, Sergei"]
[Result "1/2-1/2"]
[WhiteElo "2435"]
[BlackElo "2484"]
[PlyCount "63"]
[EventDate "2007.10.07"]
[EventType "swiss"]
[EventRounds "9"]
[EventCountry "ESP"]
[Source "lmi"]
[SourceDate "2007.10.07"]

1. Nf3 d5 2. d4 Nf6 3. c4 c6 4. e3 Bg4 5. Nc3 e6 6. h3 Bxf3 7. Qxf3 Nbd7 8. Bd2
Bb4 9. Bd3 O-O 10. a3 Ba5 11. b4 Bc7 12. cxd5 cxd5 13. O-O Re8 14. e4 e5 15.
Nxd5 Nxd5 16. exd5 exd4 17. Bf4 Ne5 18. Bxe5 Rxe5 19. Rfe1 Qd6 20. Rxe5 Qxe5
21. g3 Bd6 22. Rc1 g6 23. Qe4 Qxe4 24. Bxe4 a5 25. Rd1 f5 26. Bg2 axb4 27. axb4
Bxb4 28. Rxd4 Bd6 29. Bf1 Ra2 30. Rc4 Rb2 31. g4 f4 32. Bd3 1/2-1/2

[Event "2. Open Patrimonio de la Humanidad"]
[Site "Alcalá de Henares ESP"]
[Date "2007.10.11"]
[Round "5.5"]
[White "Mirzoev, Azer"]
[Black "Barria Zuñiga, Daniel"]
[Result "1-0"]
[WhiteElo "2545"]
[BlackElo "2427"]
[PlyCount "115"]
[EventDate "2007.10.07"]
[EventType "swiss"]
[EventRounds "9"]
[EventCountry "ESP"]
[Source "lmi"]
[SourceDate "2007.10.07"]

1. c4 e5 2. Nc3 Bb4 3. g3 Bxc3 4. bxc3 Nc6 5. Bg2 Nge7 6. d3 O-O 7. Nh3 d6 8.
O-O Rb8 9. f4 f5 10. Qa4 a6 11. c5 Kh8 12. Qa3 Be6 13. Ng5 Bg8 14. Be3 d5 15.
fxe5 Nxe5 16. Nf3 Ng4 17. Bd2 Nc6 18. h3 Nge5 19. Nd4 Nxd4 20. cxd4 Nc6 21. Qc3
Qf6 22. e3 b5 23. cxb6 cxb6 24. Rac1 Ne7 25. Qa3 a5 26. Rc7 Rfe8 27. Kh2 Rbc8
28. Rfc1 Rxc7 29. Rxc7 f4 30. gxf4 Nf5 31. Qc1 Qg6 32. Qe1 Nxd4 33. Qg3 Qxg3+
34. Kxg3 Nf5+ 35. Kf2 d4 36. e4 Ne3 37. a3 Nxg2 38. Kxg2 Ba2 39. Kf2 Be6 40. f5
Rc8 41. Bf4 Rxc7 42. Bxc7 Bd7 43. Bxb6 a4 44. Bxd4 Kg8 45. h4 g6 46. fxg6 hxg6
47. Ke3 Kf7 48. Bb6 Be8 49. d4 Ke6 50. d5+ Ke5 51. Bc7+ Kf6 52. Kd4 Ke7 53. Bf4
Kd7 54. e5 Ke7 55. Bg5+ Kd7 56. e6+ Kd6 57. Bf4+ Ke7 58. Ke4 1-0

[Event "2. Open Patrimonio de la Humanidad"]
[Site "Alcalá de Henares ESP"]
[Date "2007.10.11"]
[Round "5.6"]
[White "Fedorchuk, Sergey A"]
[Black "Serafimov, Tervel"]
[Result "1-0"]
[WhiteElo "2645"]
[BlackElo "2379"]
[PlyCount "51"]
[EventDate "2007.10.07"]
[EventType "swiss"]
[EventRounds "9"]
[EventCountry "ESP"]
[Source "lmi"]
[SourceDate "2007.10.07"]

1. e4 c6 2. d4 Na6 3. Nd2 Nc7 4. Bd3 g6 5. Ngf3 Bg7 6. c3 d6 7. O-O Nf6 8. e5
dxe5 9. Nxe5 O-O 10. Re1 Ne6 11. Bc4 c5 12. Ndf3 cxd4 13. Nxf7 Rxf7 14. Rxe6 b5
15. Bb3 Nd5 16. Re4 Bf5 17. Rxd4 Bxd4 18. Qxd4 e6 19. Ne5 Nb6 20. Nxf7 Kxf7 21.
Qe5 Nd5 22. Bh6 Qf6 23. Qg3 Rc8 24. Re1 Qd8 25. Qf3 Nf6 26. h3 1-0

[Event "2. Open Patrimonio de la Humanidad"]
[Site "Alcalá de Henares ESP"]
[Date "2007.10.11"]
[Round "5.7"]
[White "Serrano Salvador, Eduardo"]
[Black "Vazquez Igarza, Renier"]
[Result "0-1"]
[WhiteElo "2376"]
[BlackElo "2553"]
[PlyCount "140"]
[EventDate "2007.10.07"]
[EventType "swiss"]
[EventRounds "9"]
[EventCountry "ESP"]
[Source "lmi"]
[SourceDate "2007.10.07"]

1. d4 Nf6 2. Nf3 e6 3. c4 b6 4. a3 c5 5. d5 Ba6 6. Qc2 exd5 7. cxd5 g6 8. Nc3
Bg7 9. g3 O-O 10. Bg2 d6 11. O-O Re8 12. Re1 Nbd7 13. h3 b5 14. e4 Qc8 15. Bf1
b4 16. Nb5 Qb8 17. Nc7 b3 18. Nxa6 bxc2 19. Nxb8 Raxb8 20. Bd3 Rb3 21. Re3 Nxd5
22. Bxc2 Rxb2 23. Bxb2 Nxe3 24. fxe3 Bxb2 25. Rb1 Rb8 26. Ba4 Bxa3 27. Rxb8+
Nxb8 28. Nd2 Bb2 29. Bb5 Kf8 30. Nc4 Be5 31. Kf2 Ke7 32. Na5 Kd8 33. Nc6+ Nxc6
34. Bxc6 Kc7 35. Bd5 Kb6 36. g4 Kb5 37. Ke2 Kb4 38. Kd3 f6 39. Bg8 a5 40. Bd5
a4 41. Be6 Bg3 42. Bf7 Bf2 43. Be6 Ka3 44. Kc2 Bxe3 45. Bd5 Bd4 46. Be6 Kb4 47.
Kd3 Bb2 48. Bd5 Be5 49. Be6 a3 50. Bd5 c4+ 51. Bxc4 Kc5 52. Ba2 d5 53. exd5 f5
54. gxf5 gxf5 55. Ke3 Bd6 56. Kd3 Kb5 57. Ke3 Kb4 58. Kd4 h6 59. Kd3 Bc5 60.
Kd2 Bd6 61. Kd3 Kc5 62. Ke3 Be5 63. Kd3 Kd6 64. Ke3 Ke7 65. Kf3 Bd6 66. Ke3 Kf6
67. Bb3 Ke5 68. Ba2 f4+ 69. Ke2 Kd4 70. Kd2 Bb4+ 0-1